Find the Swapped Countries - Statistics

General Stats
  • This quiz has been taken 35 times
  • The average score is 15 of 21
Answers on the Map
Answers color-coded by a green-red scale on the quiz's map according to % correct below.
 
Answer Stats
Answer % Correct
Russia
100%
Germany
87%
Germany
87%
Spain
87%
Democratic Republic of the Congo
83%
Iceland
83%
Ireland
83%
Japan
83%
Nepal
83%
Bangladesh
78%
New Zealand
78%
Bulgaria
74%
Lithuania
74%
North Korea
74%
Dominican Republic
65%
Haiti
65%
Bhutan
61%
Bahamas
48%
Sri Lanka
48%
Taiwan
48%
Solomon Islands
43%
No matching quizzes found
Score Distribution
Percent of People with Each Score
Percentile by Number Answered
Your Score History
You have not taken this quiz